Monologue d'Otis mot par mot dans Astérix et Obélix Mission Cléopâtre - Statistiques

Statistiques générales
  • Ce quiz a été pris 681 fois
  • Le résultat moyen est 107 sur 216
Statistiques - réponses
Hint Réponse % Correct
3 savez,
96%
2 vous
96%
5 je
94%
6 ne
94%
11 ait
91%
13 bonne
91%
12 de
91%
1 Mais,
91%
14 ou
91%
8 pas
91%
9 qu'il
91%
10 y
91%
7 crois
90%
15 de
90%
16 mauvaise
90%
17 situation.
89%
4 moi
88%
19 si
79%
20 je
78%
24 vie
78%
21 devais
77%
23 ma
77%
18 Moi,
77%
22 résumer
76%
25 aujourd'hui
74%
29 dirais
73%
28 je
73%
30 que
73%
26 avec
72%
31 c'est
72%
33 des
72%
34 rencontres,
72%
27 vous,
72%
35 des
71%
37 qui
71%
32 d'abord
70%
36 gens
70%
40 la
70%
41 main,
70%
38 m'ont
70%
39 tendu
70%
47 je
67%
45 moment
67%
48 ne
67%
46
67%
51
67%
50 pas,
67%
44 un
67%
43 à
66%
54 chez
66%
52 j'étais
66%
55 moi.
66%
49 pouvais
66%
53 seul
66%
57 c'est
65%
56 Et
65%
58 assez
64%
42 peut-être
64%
60 de
63%
62 dire
63%
63 que
63%
61 se
63%
59 curieux
62%
70 destinée...
60%
68 forgent
60%
64 les
60%
66 les
60%
67 rencontres
60%
69 une
60%
65 hasards,
59%
76 le
54%
75 a
53%
80 chose,
53%
78 de
53%
77 goût
53%
79 la
53%
74 on
53%
71 Parce
53%
73 quand
53%
72 que
53%
89 bien
51%
88 chose
51%
90 faite,
51%
92 beau
50%
86 de
50%
93 geste,
50%
85 goût
50%
87 la
50%
84 le
50%
99 l'interlocuteur
49%
83 a
48%
91 le
48%
96 ne
48%
82 on
48%
95 on
48%
98 pas
48%
81 quand
48%
97 trouve
48%
109 à
47%
108 aide
47%
110 avancer.
47%
100 en
47%
101 face,
47%
104 le
47%
105 miroir
47%
106 qui
47%
111 Alors
44%
116 cas,
44%
102 je
44%
118 je
44%
115 mon
44%
113 n'est
44%
94 parfois
44%
114 pas
44%
107 vous
44%
112 ce
43%
117 comme
43%
103 dirais,
43%
132 à
42%
140 chante
42%
144 danse
42%
130 dis
42%
139 je
42%
143 je
42%
133 la
42%
141 la
42%
145 la
42%
131 merci
42%
142 vie,
42%
146 vie...
42%
120 disais
41%
129 je
41%
135 je
41%
119 le
41%
136 lui
41%
138 merci,
41%
134 vie,
41%
137 dis
40%
128 et
40%
147 Je
40%
148 ne
40%
150 qu'amour !
40%
149 suis
40%
126 j'ai
39%
127 pu ;
39%
151 Et
38%
164 avoir
36%
161 comment
36%
163 pour
36%
153 quand
36%
124 au
35%
165 cette
35%
125 contraire,
35%
155 de
35%
162 fais-tu
35%
156 gens
35%
166 humanité ?"
35%
169 je
35%
170 leur
35%
160 "Mais
35%
123 moi
35%
154 beaucoup
34%
122 puisque
34%
171 réponds
34%
215 de
33%
159 disent :
33%
216 soi...
33%
214 don
32%
158 me
32%
173 simplement,
32%
121 là,
31%
172 très
31%
168 bien
30%
212 don,
30%
152 finalement,
30%
211 le
30%
213 le
30%
210 faire
29%
179 ce
28%
181 de
28%
167 Eh
28%
180 goût
28%
182 l'amour,
28%
178 c'est
27%
193 construction
27%
196 demain,
27%
195 mais
27%
194 mécanique,
27%
177 que
27%
192 une
27%
190 à
26%
209 à
26%
157 aujourd'hui
26%
191 entreprendre
26%
204 au
25%
208 communauté,
25%
206 de
25%
207 la
25%
187 m'a
25%
203 mettre
25%
188 poussé
25%
197 qui
25%
198 sait,
25%
205 service
25%
189 aujourd'hui
24%
183 ce
24%
184 goût
24%
174 je
24%
176 dis
23%
175 leur
23%
202 me
23%
199 peut-être
23%
186 qui
23%
184 donc
22%
201 à
21%
200 simplement
15%
Aucun quiz correspondant
Distribution des résultats
% des personnes avec chaque résultat
Percentile par nombre de réponses
Votre historique - résultats
Vous n’avez pas pris ce quiz